000 00703nam a2200205 a 4500
005 20140412111302.0
008 001118s19uu xx 00 eng d
020 _a0-679-86434-2
050 _aER
_bBe35Gr 1995
100 _aBerenstain, Stanley
245 _aBerenstain Bears (The) / :
_cStan and Jan Berenstain.
_band the Green-eyed monster /
260 _aNew York :
_bRandom House,
_c1995.
300 _a1 v. (unp.); col. ; ill.
440 _aA First Time Books
520 _aSister is overcome with jealousy when Brother gets a shiny new three-speed bike for his birthday.
650 _aBears -- Stories
650 _aJealousy -- Fiction
650 _aBirthdays -- Fiction
999 _c103489
_d103489